| 000 | 00516nam a22001937a 4500 | ||
|---|---|---|---|
| 003 | KOHA_MİRAKIL | ||
| 005 | 20251013101403.0 | ||
| 008 | 251013b tu ||||| |||| 00| 0 tur d | ||
| 020 | _a9786057389749 | ||
| 040 |
_aTR-AnABB _btur _cTR-AnABB |
||
| 041 | _atur | ||
| 082 |
_a330.122 _bBUT 2023 |
||
| 100 | 1 | _aButler, Eamonn, | |
| 245 | 1 | 0 |
_aEkonomik eşitsizlik / _cEamonn Butler |
| 260 |
_aAnkara : _bSerbest Kitaplar, _c2023 |
||
| 300 |
_a121 sayfa ; _c19 cm |
||
| 650 | 0 | 0 | _aEkonomi |
| 942 |
_2ddc _cBK |
||
| 999 |
_c9127 _d9127 |
||
| 900 | _bGizem YORULMAZ | ||